| 000 | 00560nam a2200193Ia 4500 | ||
|---|---|---|---|
| 005 | 20250508160726.0 | ||
| 008 | 008 250505s9999 xx 000 0 eng d | ||
| 037 | _aTextual | ||
| 040 |
_aFEDL _beng _cFEDL |
||
| 041 |
_aeng _2eng |
||
| 084 |
_a375, KOP _qFEDL |
||
| 100 |
_aKopp O W _9759246 |
||
| 245 | 0 | _aPersonalized curriculum: Mrthod and design | |
| 260 |
_aColumbus, USA _bCharles E Merrill Publishing Company _c1971 |
||
| 300 | _av,134p. | ||
| 700 |
_a Zufelt David L _9769203 |
||
| 942 |
_cTEXL _h375, KOP |
||
| 999 |
_c1366250 _d1366250 |
||